000 00306nam a22001337a 4500
008 170327b xxu||||| |||| 00| 0 eng d
020 _a9780781785198
041 _aeng
080 _29 ED
_a615.83
100 _a8
101 _aSHM
245 _aGUIDE TO PHYSICAL EXAMINATION
_cBICKLEY.L.S
942 _2udc
_cBK
999 _c8703
_d8703